All Masters 1000 Final Lineups since 2000 - Statistics

General Stats
  • This quiz has been taken 178 times
    131 since last reset
  • The average score is 418 of 498
Answer Stats
Year Tournament Answer % Correct
2022 Miami W Carlos Alcaraz
100%
2022 Madrid W Carlos Alcaraz
100%
2023 Indian Wells W Carlos Alcaraz
100%
2023 Madrid W Carlos Alcaraz
100%
F Carlos Alcaraz
100%
2024 Indian Wells W Carlos Alcaraz
100%
2025 Monte Carlo W Carlos Alcaraz
100%
2025 Rome W Carlos Alcaraz
100%
2025 Cincinnati W Carlos Alcaraz
100%
F Jannik Sinner
100%
F Jannik Sinner
100%
2023 Toronto W Jannik Sinner
100%
F Jannik Sinner
100%
2024 Miami W Jannik Sinner
100%
2024 Cincinnati W Jannik Sinner
100%
2024 Shanghai W Jannik Sinner
100%
2024 ATP Finals W Jannik Sinner
100%
F Jannik Sinner
100%
F Jannik Sinner
100%
F Novak Djokovic
100%
2007 Miami W Novak Djokovic
100%
F Novak Djokovic
100%
2007 Montreal W Novak Djokovic
100%
2008 Indian Wells W Novak Djokovic
100%
2008 Rome W Novak Djokovic
100%
F Novak Djokovic
100%
2008 Masters Cup W Novak Djokovic
100%
F Novak Djokovic
100%
F Novak Djokovic
100%
F Novak Djokovic
100%
F Novak Djokovic
100%
2009 Paris W Novak Djokovic
100%
2011 Indian Wells W Novak Djokovic
100%
2011 Miami W Novak Djokovic
100%
2011 Madrid W Novak Djokovic
100%
2011 Rome W Novak Djokovic
100%
2011 Montreal W Novak Djokovic
100%
F Novak Djokovic
100%
2012 Miami W Novak Djokovic
100%
F Novak Djokovic
100%
F Novak Djokovic
100%
2012 Toronto W Novak Djokovic
100%
F Novak Djokovic
100%
2012 Shanghai W Novak Djokovic
100%
2012 ATP Finals W Novak Djokovic
100%
2013 Monte Carlo W Novak Djokovic
100%
2013 Shanghai W Novak Djokovic
100%
2013 Paris W Novak Djokovic
100%
2013 ATP Finals W Novak Djokovic
100%
2014 Indian Wells W Novak Djokovic
100%
2014 Miami W Novak Djokovic
100%
2014 Rome W Novak Djokovic
100%
2014 Paris W Novak Djokovic
100%
2014 ATP Finals W Novak Djokovic
100%
2015 Indian Wells W Novak Djokovic
100%
2015 Miami W Novak Djokovic
100%
2015 Monte Carlo W Novak Djokovic
100%
2015 Rome W Novak Djokovic
100%
F Novak Djokovic
100%
F Novak Djokovic
100%
2015 Shanghai W Novak Djokovic
100%
2015 Paris W Novak Djokovic
100%
2015 ATP Finals W Novak Djokovic
100%
2016 Indian Wells W Novak Djokovic
100%
2016 Miami W Novak Djokovic
100%
2016 Madrid W Novak Djokovic
100%
F Novak Djokovic
100%
2016 Toronto W Novak Djokovic
100%
F Novak Djokovic
100%
F Novak Djokovic
100%
2018 Cincinnati W Novak Djokovic
100%
2018 Shanghai W Novak Djokovic
100%
F Novak Djokovic
100%
F Novak Djokovic
100%
2019 Madrid W Novak Djokovic
100%
F Novak Djokovic
100%
2019 Paris W Novak Djokovic
100%
2020 Cincinnati W Novak Djokovic
100%
2020 Rome W Novak Djokovic
100%
F Novak Djokovic
100%
2021 Paris W Novak Djokovic
100%
2022 Rome W Novak Djokovic
100%
F Novak Djokovic
100%
2022 ATP Finals W Novak Djokovic
100%
2023 Cincinnati W Novak Djokovic
100%
2023 Paris W Novak Djokovic
100%
2023 ATP Finals W Novak Djokovic
100%
F Novak Djokovic
100%
F Novak Djokovic
100%
F Rafael Nadal
100%
2005 Monte Carlo W Rafael Nadal
100%
2005 Rome W Rafael Nadal
100%
2005 Montreal W Rafael Nadal
100%
2005 Madrid W Rafael Nadal
100%
2006 Monte Carlo W Rafael Nadal
100%
2006 Rome W Rafael Nadal
100%
2007 Indian Wells W Rafael Nadal
100%
2007 Monte Carlo W Rafael Nadal
100%
2007 Rome W Rafael Nadal
100%
F Rafael Nadal
100%
F Rafael Nadal
100%
F Rafael Nadal
100%
2008 Monte Carlo W Rafael Nadal
100%
2008 Hamburg W Rafael Nadal
100%
2008 Toronto W Rafael Nadal
100%
2009 Indian Wells W Rafael Nadal
100%
2009 Monte Carlo W Rafael Nadal
100%
2009 Rome W Rafael Nadal
100%
F Rafael Nadal
100%
F Rafael Nadal
100%
2010 Monte Carlo W Rafael Nadal
100%
2010 Rome W Rafael Nadal
100%
2010 Madrid W Rafael Nadal
100%
F Rafael Nadal
100%
F Rafael Nadal
100%
F Rafael Nadal
100%
2011 Monte Carlo W Rafael Nadal
100%
F Rafael Nadal
100%
F Rafael Nadal
100%
2012 Monte Carlo W Rafael Nadal
100%
2012 Rome W Rafael Nadal
100%
2013 Indian Wells W Rafael Nadal
100%
F Rafael Nadal
100%
2013 Madrid W Rafael Nadal
100%
2013 Rome W Rafael Nadal
100%
2013 Montreal W Rafael Nadal
100%
2013 Cincinnati W Rafael Nadal
100%
F Rafael Nadal
100%
F Rafael Nadal
100%
2014 Madrid W Rafael Nadal
100%
F Rafael Nadal
100%
F Rafael Nadal
100%
2016 Monte Carlo W Rafael Nadal
100%
F Rafael Nadal
100%
2017 Monte Carlo W Rafael Nadal
100%
2017 Madrid W Rafael Nadal
100%
F Rafael Nadal
100%
2018 Monte Carlo W Rafael Nadal
100%
2018 Rome W Rafael Nadal
100%
2018 Toronto W Rafael Nadal
100%
2019 Rome W Rafael Nadal
100%
2019 Montreal W Rafael Nadal
100%
2021 Rome W Rafael Nadal
100%
F Rafael Nadal
100%
F Roger Federer
100%
2002 Hamburg W Roger Federer
100%
F Roger Federer
100%
2003 Masters Cup W Roger Federer
100%
2004 Indian Wells W Roger Federer
100%
2004 Hamburg W Roger Federer
100%
2004 Toronto W Roger Federer
100%
2004 Masters Cup W Roger Federer
100%
2005 Indian Wells W Roger Federer
100%
2005 Miami W Roger Federer
100%
2005 Hamburg W Roger Federer
100%
2005 Cincinnati W Roger Federer
100%
F Roger Federer
100%
2006 Indian Wells W Roger Federer
100%
2006 Miami W Roger Federer
100%
F Roger Federer
100%
F Roger Federer
100%
2006 Toronto W Roger Federer
100%
2006 Madrid W Roger Federer
100%
2006 Masters Cup W Roger Federer
100%
2007 Hamburg W Roger Federer
100%
F Roger Federer
100%
2007 Cincinnati W Roger Federer
100%
F Roger Federer
100%
2007 Masters Cup W Roger Federer
100%
F Roger Federer
100%
F Roger Federer
100%
2009 Madrid W Roger Federer
100%
2009 Cincinnati W Roger Federer
100%
F Roger Federer
100%
F Roger Federer
100%
2010 Cincinnati W Roger Federer
100%
F Roger Federer
100%
2010 ATP Finals W Roger Federer
100%
2011 Paris W Roger Federer
100%
2011 ATP Finals W Roger Federer
100%
2012 Indian Wells W Roger Federer
100%
2012 Madrid W Roger Federer
100%
2012 Cincinnati W Roger Federer
100%
F Roger Federer
100%
F Roger Federer
100%
F Roger Federer
100%
F Roger Federer
100%
F Roger Federer
100%
2014 Cincinnati W Roger Federer
100%
2014 Shanghai W Roger Federer
100%
F Roger Federer
100%
F Roger Federer
100%
F Roger Federer
100%
2015 Cincinnati W Roger Federer
100%
F Roger Federer
100%
2017 Indian Wells W Roger Federer
100%
2017 Miami W Roger Federer
100%
F Roger Federer
100%
2017 Shanghai W Roger Federer
100%
F Roger Federer
100%
F Roger Federer
100%
F Roger Federer
100%
2019 Miami W Roger Federer
100%
2017 Rome W Alexander Zverev
97%
2017 Montreal W Alexander Zverev
97%
F Alexander Zverev
97%
2018 Madrid W Alexander Zverev
97%
F Alexander Zverev
97%
2018 ATP Finals W Alexander Zverev
97%
F Alexander Zverev
97%
F Alexander Zverev
97%
2021 Madrid W Alexander Zverev
97%
2021 Cincinnati W Alexander Zverev
97%
2021 ATP Finals W Alexander Zverev
97%
F Alexander Zverev
97%
2024 Rome W Alexander Zverev
97%
2024 Paris W Alexander Zverev
97%
2008 Cincinnati W Andy Murray
97%
2008 Madrid W Andy Murray
97%
F Andy Murray
97%
2009 Miami W Andy Murray
97%
2009 Montreal W Andy Murray
97%
2010 Toronto W Andy Murray
97%
2010 Shanghai W Andy Murray
97%
2011 Cincinnati W Andy Murray
97%
2011 Shanghai W Andy Murray
97%
F Andy Murray
97%
F Andy Murray
97%
2013 Miami W Andy Murray
97%
F Andy Murray
97%
2015 Madrid W Andy Murray
97%
2015 Montreal W Andy Murray
97%
F Andy Murray
97%
F Andy Murray
97%
2016 Rome W Andy Murray
97%
F Andy Murray
97%
2016 Shanghai W Andy Murray
97%
2016 Paris W Andy Murray
97%
2016 ATP Finals W Andy Murray
97%
F Andrey Rublev
94%
F Andrey Rublev
94%
2023 Monte Carlo W Andrey Rublev
94%
F Andrey Rublev
94%
2024 Madrid W Andrey Rublev
94%
F Andrey Rublev
94%
F Daniil Medvedev
94%
2019 Cincinnati W Daniil Medvedev
94%
2019 Shanghai W Daniil Medvedev
94%
2020 Paris W Daniil Medvedev
94%
2020 ATP Finals W Daniil Medvedev
94%
2021 Toronto W Daniil Medvedev
94%
F Daniil Medvedev
94%
F Daniil Medvedev
94%
F Daniil Medvedev
94%
2023 Miami W Daniil Medvedev
94%
2023 Rome W Daniil Medvedev
94%
F Daniil Medvedev
94%
F Stefanos Tsitsipas
94%
F Stefanos Tsitsipas
94%
2019 ATP Finals W Stefanos Tsitsipas
94%
2021 Monte Carlo W Stefanos Tsitsipas
94%
2022 Monte Carlo W Stefanos Tsitsipas
94%
F Stefanos Tsitsipas
94%
F Stefanos Tsitsipas
94%
2024 Monte Carlo W Stefanos Tsitsipas
94%
2025 Toronto W Ben Shelton
91%
F Stan Wawrinka
91%
F Stan Wawrinka
91%
2014 Monte Carlo W Stan Wawrinka
91%
F Stan Wawrinka
91%
2022 Indian Wells W Taylor Fritz
91%
F Taylor Fritz
91%
F Casper Ruud
89%
F Casper Ruud
89%
F Casper Ruud
89%
2025 Madrid W Casper Ruud
89%
2017 Cincinnati W Grigor Dimitrov
89%
2017 ATP Finals W Grigor Dimitrov
89%
F Grigor Dimitrov
89%
F Grigor Dimitrov
89%
2022 Paris W Holger Rune
89%
F Holger Rune
89%
F Holger Rune
89%
F Holger Rune
89%
F Juan Martín del Potro
89%
F Juan Martín del Potro
89%
F Juan Martín del Potro
89%
F Juan Martín del Potro
89%
2018 Indian Wells W Juan Martín del Potro
89%
F Andy Roddick
86%
2003 Montreal W Andy Roddick
86%
2003 Cincinnati W Andy Roddick
86%
2004 Miami W Andy Roddick
86%
F Andy Roddick
86%
F Andy Roddick
86%
2006 Cincinnati W Andy Roddick
86%
F Andy Roddick
86%
2010 Miami W Andy Roddick
86%
2021 Indian Wells W Cameron Norrie
86%
F Dominic Thiem
86%
F Dominic Thiem
86%
2019 Indian Wells W Dominic Thiem
86%
F Dominic Thiem
86%
F Dominic Thiem
86%
2021 Miami W Hubert Hurkacz
86%
F Hubert Hurkacz
86%
2023 Shanghai W Hubert Hurkacz
86%
2025 Indian Wells W Jack Draper
86%
F Jack Draper
86%
2024 Montreal W Alexei Popyrin
83%
F David Ferrer
83%
F David Ferrer
83%
F David Ferrer
83%
F David Ferrer
83%
2012 Paris W David Ferrer
83%
F David Ferrer
83%
F David Ferrer
83%
F David Ferrer
83%
F Gaël Monfils
83%
F Gaël Monfils
83%
F Gaël Monfils
83%
2025 Miami W Jakub Menšík
83%
2008 Paris W Jo-Wilfried Tsonga
83%
F Jo-Wilfried Tsonga
83%
F Jo-Wilfried Tsonga
83%
2014 Toronto W Jo-Wilfried Tsonga
83%
F Jo-Wilfried Tsonga
83%
2018 Paris W Karen Khachanov
83%
F Karen Khachanov
83%
F Lleyton Hewitt
83%
2001 Masters Cup W Lleyton Hewitt
83%
2002 Indian Wells W Lleyton Hewitt
83%
F Lleyton Hewitt
83%
F Lleyton Hewitt
83%
2002 Masters Cup W Lleyton Hewitt
83%
2003 Indian Wells W Lleyton Hewitt
83%
F Lleyton Hewitt
83%
F Lleyton Hewitt
83%
F Lleyton Hewitt
83%
2016 Cincinnati W Marin Čilić
83%
2005 Paris W Tomáš Berdych
83%
F Tomáš Berdych
83%
F Tomáš Berdych
83%
F Tomáš Berdych
83%
F Andre Agassi
80%
2001 Indian Wells W Andre Agassi
80%
2001 Miami W Andre Agassi
80%
2002 Miami W Andre Agassi
80%
2002 Rome W Andre Agassi
80%
2002 Madrid W Andre Agassi
80%
2003 Miami W Andre Agassi
80%
F Andre Agassi
80%
2004 Cincinnati W Andre Agassi
80%
F Andre Agassi
80%
2019 Monte Carlo W Fabio Fognini
80%
F Félix Auger-Aliassime
80%
F Lorenzo Musetti
80%
F Milos Raonic
80%
F Milos Raonic
80%
F Milos Raonic
80%
F Milos Raonic
80%
2000 Miami W Pete Sampras
80%
F Pete Sampras
80%
F Frances Tiafoe
77%
2006 Paris W Nikolay Davydenko
77%
2008 Miami W Nikolay Davydenko
77%
F Nikolay Davydenko
77%
2009 Shanghai W Nikolay Davydenko
77%
2009 ATP Finals W Nikolay Davydenko
77%
F Borna Ćorić
74%
2022 Cincinnati W Borna Ćorić
74%
F David Nalbandian
74%
F David Nalbandian
74%
F David Nalbandian
74%
2005 Masters Cup W David Nalbandian
74%
2007 Madrid W David Nalbandian
74%
2007 Paris W David Nalbandian
74%
F David Nalbandian
74%
F Gustavo Kuerten
74%
F Gustavo Kuerten
74%
2000 Hamburg W Gustavo Kuerten
74%
2000 Masters Cup W Gustavo Kuerten
74%
2001 Monte Carlo W Gustavo Kuerten
74%
F Gustavo Kuerten
74%
2001 Cincinnati W Gustavo Kuerten
74%
F Gustavo Kuerten
74%
F John Isner
74%
F John Isner
74%
F John Isner
74%
2018 Miami W John Isner
74%
F John Isner
74%
2001 Rome W Juan Carlos Ferrero
74%
F Juan Carlos Ferrero
74%
2002 Monte Carlo W Juan Carlos Ferrero
74%
F Juan Carlos Ferrero
74%
2003 Monte Carlo W Juan Carlos Ferrero
74%
2003 Madrid W Juan Carlos Ferrero
74%
F Juan Carlos Ferrero
74%
F Nick Kyrgios
74%
2022 Montreal W Pablo Carreño Busta
74%
F Alex de Minaur
69%
F Kei Nishikori
69%
F Kei Nishikori
69%
F Kei Nishikori
69%
F Kei Nishikori
69%
F Matteo Berrettini
69%
F David Goffin
66%
F David Goffin
66%
F Guillermo Coria
66%
2003 Hamburg W Guillermo Coria
66%
F Guillermo Coria
66%
2004 Monte Carlo W Guillermo Coria
66%
F Guillermo Coria
66%
F Guillermo Coria
66%
F Guillermo Coria
66%
2017 Paris W Jack Sock
66%
F Marat Safin
66%
2000 Toronto W Marat Safin
66%
2000 Paris W Marat Safin
66%
F Marat Safin
66%
2002 Paris W Marat Safin
66%
2004 Madrid W Marat Safin
66%
2004 Paris W Marat Safin
66%
2010 Paris W Robin Söderling
66%
F Carlos Moyà
63%
2002 Cincinnati W Carlos Moyà
63%
F Carlos Moyà
63%
2004 Rome W Carlos Moyà
63%
F Denis Shapovalov
63%
F Ugo Humbert
63%
F Dušan Lajović
60%
F Ivan Ljubičić
60%
F Ivan Ljubičić
60%
F Ivan Ljubičić
60%
2010 Indian Wells W Ivan Ljubičić
60%
F Diego Schwartzman
57%
F James Blake
57%
F James Blake
57%
F James Blake
57%
F Mardy Fish
57%
F Mardy Fish
57%
F Mardy Fish
57%
F Mardy Fish
57%
F Richard Gasquet
57%
F Richard Gasquet
57%
F Richard Gasquet
57%
F Roberto Bautista Agut
57%
F Fernando Verdasco
54%
F Gilles Simon
54%
F Gilles Simon
54%
F Alejandro Davidovich Fokina
51%
F Jan-Lennard Struff
51%
F Filip Krajinović
49%
F Patrick Rafter
46%
F Patrick Rafter
46%
F Yevgeny Kafelnikov
46%
2000 Indian Wells W Àlex Corretja
43%
F Nicolás Jarry
43%
F Nikoloz Basilashvili
43%
2001 Paris W Sébastien Grosjean
43%
F Sébastien Grosjean
43%
2001 Stuttgart W Tommy Haas
43%
F Tommy Haas
43%
F Mark Philippoussis
40%
F Albert Ramos Viñolas
37%
F Fernando González
37%
F Fernando González
37%
F Tim Henman
37%
F Tim Henman
37%
2003 Paris W Tim Henman
37%
F Tim Henman
37%
2006 Hamburg W Tommy Robredo
34%
F Reilly Opelka
31%
2002 Toronto W Guillermo Cañas
26%
F Guillermo Cañas
26%
2000 Rome W Magnus Norman
26%
F Jerzy Janowicz
23%
F Jiří Novák
23%
F Radek Štěpánek
23%
F Radek Štěpánek
23%
F Thomas Enqvist
20%
2000 Cincinnati W Thomas Enqvist
20%
2000 Monte Carlo W Cédric Pioline
17%
F Nicolas Kiefer
17%
F Nicolás Massú
17%
F Rainer Schüttler
17%
2001 Montreal W Andrei Pavel
14%
F Andrei Pavel
14%
F Dominik Hrbatý
14%
F Dominik Hrbatý
14%
2003 Rome W Félix Mantilla
11%
F Hicham Arazi
11%
2001 Hamburg W Albert Portas
9%
F Max Mirnyi
9%
F Jan-Michael Gambill
6%
F Agustín Calleri
3%
F Harel Levy
3%
2000 Stuttgart W Wayne Ferreira
0%
No matching quizzes found
Score Distribution
Percent of People with Each Score
Percentile by Number Answered
Your Score History
You have not taken this quiz since the last reset